LEADER 00813nam a2200181 i 4500 001 000000001165 003 CaOOAMICUS 005 20180830125434.0 008 180830s1981 gw u000 u und u 040 $aSeMil$bita 245 10$aHandbuch der praktischen Theologie /$cherausgegeben von Peter C. Bloth ... [et al.]. 260 $aGütersloh :$bGütersloher Verlagshaus Gerd Mohn,$c1981-1987. 650 4$aTeologia pastorale - Manuali.$0(OLS)http://semarc/subject/404 774 0 $tPraxisfeld.$z3-579-00207-4$gBand2$w()104805 774 0 $tPraxisfeld.$z3-579-00208-2$gBand3$w()104806 774 0 $tPraxisfeld.$z3-579-00209-0$gBand4$w()104807 996 $6245$aHandbuch der praktischen Theologie$9(OLS)http://semarc/title/1890 996 $6260$aGütersloh :$bGütersloher Verlagshaus Gerd Mohn$9(OLS)http://semarc/publisher/30042 LEADER 00993nam a2200253 i 4500 001 000000040523 003 CaOOAMICUS 005 20040623000000.0 008 040623s1964 it u000 u ita u 013 $a11693 040 $aSeMil$bita 100 1 $aSaalman, Howard.$0(OLS)http://semarc/name/19832 245 12$aL'architettura medievale /$cHoward Saalman. 260 $aMilano :$bRizzoli,$ccopyr. 1964. 300 $a133 p. :$briccamente ill. ;$c26 cm. 490 0 $aLe grandi civiltà architettoniche 500 $aContiene : Bibliografia. 650 4$aArchitettura - Medioevo.$0(OLS)http://semarc/subject/43682 830 3$aLe grandi civiltà architettoniche [Rizzoli].$0(OLS)http://semarc/title/15665 850 $aSeMil 852 $aSeMil$W1$xVenegono$y1$m5Q XI 23$j6678$B6678$CSeMilBibl$Z2$F6678 $81 961 $aOmaggio: Deposito 996 $6245$aL'architettura medievale$9(OLS)http://semarc/title/58250 996 $6260$aMilano :$bRizzoli$9(OLS)http://semarc/publisher/29824